000 00825nac a22002417a 4500
001 BR9104153
003 BR-BrBNA
005 20240105121230.0
008 230509b bl.|||m| |||| 00| 0 por d
040 _aBR-BrBNA
_bpor
_cBiblioteca Nacional de Agricultura
072 _aP07
090 _aP07 BR9104153
100 1 _aFreitas, M. de L.D. de
110 1 _aCompanhia Vale do Rio Doce, Rio de Janeiro, RJ (Brasil)
_92502
245 1 _aMetodologia de avaliacao ambiental aplicada para um caso de enfoque preventivo; Projeto Ferro Carajas
260 3 _aRio de Janeiro, RJ (Brasil):
_c1986.
300 _a28 p.
490 _aEspaco, Ambiente e Planejamento (Brazil)
_vno. 1
_x
500 _aSummaries (En, Pt); 6 ref.
650 _aMINERALOGIA
909 _a202312
_bLúcia Elande
_c55
_dLúcia Elande
942 _2AGRIS
_n0
_cMS
999 _c284107
_d284107